000 01277aam a2200385 i 4500
999 _c33039
_d33039
001 768714001
003 CO-MdFUSB
005 20190202100501.0
008 180704t2001 sp ||||| |||| 00| 0 spa d
020 _a84-8267-195-2
040 _aCO-MdFUSB
_bEspañol
_cCO-MdFUSB
_dCO-MdFUSBC
_erda
041 0 _aeng
082 0 4 _a270.092
_222
_bR748t
100 1 _aBounds, Edward M. (McKendree) (1835-1913)
_eautor
245 0 3 _aLo mejor de Edward Bounds
_c / Edward Bounds; Ana Magdalena Troncoso, Compilador
264 1 _aTerrassa, Barcelona, España :
_bClie,
_c[2001]
264 4 _c©2001
300 _aVolumen 127, 733 páginas :
_c24 cm
336 _atexto
_btxt
_2rdacontent
337 _2rdamedia
_asin mediación
_bn
338 _2rdacarrier
_avolumen
_bnc
490 _aGrandes Autores de la Fe
490 _aÉpoca moderna
505 _gIntroducción:
_tLas dos realidades e Edward M. Bounds
505 _gPrimera parte:
_tLa realidad de la oración.
505 _gSegunda parte:
_tLa realidad de la vida eterna.
650 7 _986
_aOración
650 7 _aEscatología
_2
_9213
650 7 _9215
_aVida futura
650 7 _9214
_aResurrección
653 _aEdward M. Bounds
653 _aClero Metodista
653 _aIglesia Episcopal del Sur
942 _cBK